Building permits and sustainability (Record no. 115278)

MARC details
000 -LEADER
fixed length control field 01437cad a2200229 4500
001 - CONTROL NUMBER
control field L158357
008 - FIXED-LENGTH DATA ELEMENTS--GENERAL INFORMATION
fixed length control field 040913n2014 000 0 eng u
035 ## - SYSTEM CONTROL NUMBER
System control number (Sirsi) u158357
041 ## - LANGUAGE CODE
Language code of text/sound track or separate title eng
110 2# - MAIN ENTRY--CORPORATE NAME
Corporate name or jurisdiction name as entry element Royal Institution of Chartered Surveyors
9 (RLIN) 4900
245 00 - TITLE STATEMENT
Title Building permits and sustainability
Remainder of title A method for measuring the uptake of sustainability in the built environment over time
Medium [electronic resource]
260 ## - PUBLICATION, DISTRIBUTION, ETC.
Place of publication, distribution, etc. London
Name of publisher, distributor, etc. RICS
Date of publication, distribution, etc. 2014
490 #0 - SERIES STATEMENT
Series statement RICS Research
520 ## - SUMMARY, ETC.
Summary, etc. Evaluates the viability of collecting data on sustainability measures integrated into buildings through an expansion of data currently available in building permit data. Ascertains the content and scope of building permit data collection across Australia and England and wales and types of data collection and storage methods adopted. Identifies the barriers and scope for changing building permit data collection. Develops and proposes a model for collecting sustainability data for building permits of all building types and land uses to deliver regulatory efficiency and effectiveness.
650 24 - SUBJECT ADDED ENTRY--TOPICAL TERM
Topical term or geographic name entry element GREENHOUSE GAS EMISSIONS
651 #4 - SUBJECT ADDED ENTRY--GEOGRAPHIC NAME
Geographic name Australia
651 #4 - SUBJECT ADDED ENTRY--GEOGRAPHIC NAME
Geographic name ENGLAND AND WALES
690 ## - LOCAL SUBJECT ADDED ENTRY--TOPICAL TERM (OCLC, RLIN)
Topical term or geographic name as entry element Sustainability
9 (RLIN) 6271
700 1# - ADDED ENTRY--PERSONAL NAME
Personal name Wilkinson, Sara J
856 48 - ELECTRONIC LOCATION AND ACCESS
Uniform Resource Identifier <a href="https://www.propertyresearchtrust.org/uploads/1/3/4/8/134819607/building_permits_and_sustainability.pdf">https://www.propertyresearchtrust.org/uploads/1/3/4/8/134819607/building_permits_and_sustainability.pdf</a>
Public note Available from the Property Research Trust
942 ## - ADDED ENTRY ELEMENTS (KOHA)
Suppress in OPAC 0
Source of classification or shelving scheme Dewey Decimal Classification
Holdings
Withdrawn status Lost status Damaged status Not for loan Home library Current library Shelving location Date acquired Total Checkouts Full call number Date last seen Copy number Price effective from Koha item type
        Virtual Virtual Online 15/01/2015   SCAN 02/02/2024 1 06/08/2019 Book